Espacios fibrados
Uloženo v:
| Hlavní autoři: | , |
|---|---|
| Médium: | Kniha |
| Jazyk: | španělština |
| Vydáno: |
Ciudad de México
Centro de Investigación del I.P.N
1968
|
| Edice: | Monografías, 3
|
| Témata: | |
| Tagy: |
Přidat tag
Žádné tagy, Buďte první, kdo vytvoří štítek k tomuto záznamu!
|
MARC
| LEADER | 00000nam a2200000 a 4500 | ||
|---|---|---|---|
| 001 | UCQ9966 | ||
| 003 | CL-VaPUC | ||
| 008 | 990128e19680700MX |||||||||||||||||spa|d | ||
| 082 | 0 | 4 | |a 514.224 |b ARR |2 21 |
| 100 | 0 | |a Arraut, J. L |e author |9 424679 | |
| 700 | 0 | |a Gitler, S |e author |9 424680 | |
| 245 | 1 | 0 | |a Espacios fibrados |
| 300 | |a 119 p | ||
| 942 | |c BK | ||
| 945 | |d 19990128 00:00:00 |a crobeson | ||
| 260 | |a Ciudad de México |b Centro de Investigación del I.P.N |c 1968 | ||
| 650 | 7 | |a ESPACIOS FIBROSOS |2 CL-VaPUC |9 424032 | |
| 650 | 7 | |a GRUPOS TOPOLOGICOS |2 CL-VaPUC |9 270584 | |
| 650 | 0 | |a Variedades diferenciales |9 270032 | |
| 650 | 0 | |a Haces vectoriales |9 424681 | |
| 583 | |a last modification |c 19990128 00:00:00 |k Rodrigo Vera | ||
| 490 | 0 | |a Monografías, 3 | |
| 999 | |c 278855 |d 278853 | ||
| 952 | |0 0 |1 0 |4 0 |6 514_224000000000000_ARR_1968 |7 0 |8 A |9 317649 |a BIBMAT |b BIBMAT |d 2019-11-20 |i 1319752 |o 514.224 ARR 1968 |p 1319752 |r 2025-01-07 |w 2019-11-20 |y BK |k MAT | ||